Представление документа в формате MARC21

Поле Инд. ПП Название Значение
Тип записи a
Библиографический уровень b
001 Контрольный номер RU/IS/BASE/267795900
005 Дата корректировки 20200610181736.9
008 Кодируемые данные 20080626
040 b Код языка каталог. rus
e Правила каталог. PSBO
041 0_ a Код языка текста rus
084 a Индекс другой классификации/Индекс ББК 83.3(2=411.2)5
100 1_ a Автор Макеев М. С.
245 10 a Заглавие О "странности" и "искренности" стихотворения Н.А. Некрасова "Я за то глубоко презираю себя...". "Экономический" подтескт лирического произведения
504 a Библиография Библиогр. - Примеч.: с. 20 - 21
600 14 a Персоналии Некрасов Николай Алексеевич
a Персоналии Белинский Виссарион Григорьевич
650 04 a Основная рубрика история литературы
a Основная рубрика литературоведение
a Основная рубрика филологические науки
653 1_ a Ключевые слова "Я за то глубоко презираю себя..."
a Ключевые слова XIX век
a Ключевые слова поэзия
a Ключевые слова Россия
a Ключевые слова русская литература
a Ключевые слова стихотворения
773 08 t Заглавие источника Вестник Московского университета. Серия 9, Филология
d Дата издания источника 2007
g Прочая информация № 6. - С. 9 - 21
w Контрольный № источника RU/IS/BASE/261756589
901 t Тип документа b